Sodium-cooled fast reactor engineering. : Proceedings of a symposium ... held by the International Atomic Energy Agency in Monaco, 23-27 March 1970.

Bibliographic Details
Corporate Author: Symposium on Progress in Sodium-cooled Fast Reactor Engineering Monaco
Format: Conference Proceeding Book
Language:English
French
Russian
Published: Vienna : International Atomic Energy Agency, 1970.
Series:Proceedings series (International Atomic Energy Agency)
Subjects:

MARC

Tag First Indicator Second Indicator Subfields
LEADER 00000cam a2200000 4500
001 in00000102021
005 20150924161800.0
008 710503s1970 au a b 10100 eng
010 |a  78552748  
015 |a Au70-20-310 
035 |a (OCoLC)00137591 
035 |9 AAL1433AM 
037 |c $25.00 
040 |a DLC  |c DLC  |d TXA  |d UtOrBLW 
041 0 |a eng  |a fre  |a rus 
049 |a TXAM  |c [1124800] 
050 0 0 |a TK9203.L5  |b S93 1970 
082 0 |a 621.48/34 
090 |a TK9203.F3  |b S93 1970 
111 2 |a Symposium on Progress in Sodium-cooled Fast Reactor Engineering  |d (1970 :  |c Monaco) 
245 1 0 |a Sodium-cooled fast reactor engineering. :  |b Proceedings of a symposium ... held by the International Atomic Energy Agency in Monaco, 23-27 March 1970. 
264 1 |a Vienna :  |b International Atomic Energy Agency,  |c 1970. 
300 |a 957 pages :  |b illustrations ;  |c 24 cm. 
336 |a text  |b txt  |2 rdacontent 
337 |a unmediated  |b n  |2 rdamedia 
338 |a volume  |b nc  |2 rdacarrier 
490 1 |a [International Atomic Energy Agency] Proceedings series 
500 |a "STI/PUB/256." 
500 |a English, French, or Russian; abstracts in English. 
504 |a Includes bibliographical references. 
650 0 |a Fast reactors  |x Congresses. 
830 0 |a Proceedings series (International Atomic Energy Agency) 
999 |a MARS 
999 f f |s d37fe482-a5a9-3796-acf7-e238b5e04b08  |i 399e532b-394c-39d3-8dee-e3388102c528  |t 0 
952 f f |p ric  |a Texas A&M University  |b Rellis Campus  |c Joint Library Facility  |d Remote Storage  |t 0  |e TK9203.F3 S93 1970  |h Library of Congress classification  |i unmediated -- volume  |m A14805517473 
998 f f |a TK9203.F3 S93 1970  |t 0  |l Remote Storage